[Event "AGAG IIIIIII"]
[Site "SchemingMind.com"]
[Date "2021.04.02"]
[Round "-"]
[White "Geoffrey Rosser"]
[Black "splinter"]
[Result "0-1"]
[WhiteCountry "ENG"]
[BlackCountry "CAN"]
[WhiteElo "1885"]
[WhiteRD "65"]
[BlackElo "1830"]
[BlackRD "71"]
[GameID "710130"]

1. b3 d5 2. Nf3 Nf6 3. Bb2 Nc6 4. e3 e6 5. Bb5 Bd7 6. O-O Bd6 7. d4 Ne7 8. Nc3 c6 9. Bd3 Qc7 10. e4 dxe4
11. Nxe4 Nxe4 12. Bxe4 f6 13. a4 O-O-O 14. c4 Ng6 15. c5 Be7 16. b4 f5 17. Bd3 Bf6 18. b5 e5 19. b6 axb6 20. dxe5 Be7
21. cxb6 Qxb6 22. Bd4 c5 23. a5 Qe6 24. Qc2 Kb8 25. Bc4 Qc6 26. Be3 f4 27. Bd2 Bg4 28. Be2 Nh4 29. Bxf4 Nxf3+ 30. Bxf3 Bxf3
31. gxf3 Qxf3 32. Bg3 h5 33. Qc1 h4 34. Ra3 Qg4 35. a6 hxg3 36. Rxg3 Qh5 37. Rg2 Qxe5 38. axb7 Bd6 39. Qa1 Qxa1 40. Rxa1 Kxb7
41. Rxg7+ Kc6 42. Rg6 Kb5 43. Rb1+ Kc4 44. Rg4+ Kc3 45. Re1 Rdg8 46. Re3+ Kd2 47. h3 Rxg4+ 48. hxg4 Rg8 49. Re4 Kd3 50. f3 c4
51. Kf2 Bc5+ 52. Ke1 Be3 53. Re5 c3 54. Rd5+ Bd4
0-1

[Event "AGAG IIIIIII"]
[Site "SchemingMind.com"]
[Date "2021.04.02"]
[Round "-"]
[White "splinter"]
[Black "Geoffrey Rosser"]
[Result "0-1"]
[WhiteCountry "CAN"]
[BlackCountry "ENG"]
[WhiteElo "1830"]
[WhiteRD "71"]
[BlackElo "1885"]
[BlackRD "65"]
[GameID "710131"]

1. b3 d5 2. Nf3 Nc6 3. Bb2 Nf6 4. g3 d4 5. Bg2 e5 6. O-O Bd6 7. d3 O-O 8. Nbd2 Ne7 9. Nc4 Ng6 10. Nxd6 Qxd6
11. a4 c5 12. Nd2 Rb8 13. Ne4 Nxe4 14. Bxe4 Bh3 15. Bg2 Nf4 16. Bxh3 Nxh3+ 17. Kg2 Qh6 18. Bc1 g5 19. e3 f5 20. f4 g4
21. exd4 Qc6+ 22. Rf3 gxf3+ 23. Qxf3 Qxf3+ 24. Kxf3 e4+ 25. dxe4 fxe4+ 26. Kxe4 Rbe8+ 27. Kd5 Rf5+ 28. Kc4 cxd4 29. Kxd4 Nf2 30. Ba3 Re4+
31. Kc3 Re2 32. Rf1 Ng4 33. h3 Rxc2+ 34. Kd3 Rd5+ 35. Ke4 Nf6+ 36. Ke3 Rc3+ 37. Ke2 Rxb3 38. Be7 Kf7
0-1

[Event "AGAG IIIIIII"]
[Site "SchemingMind.com"]
[Date "2021.04.01"]
[Round "-"]
[White "Geoffrey Rosser"]
[Black "eliecercruzr"]
[Result "0-1"]
[WhiteCountry "ENG"]
[BlackCountry "CUB"]
[WhiteElo "1926"]
[WhiteRD "61"]
[BlackElo "2203"]
[BlackRD "105"]
[GameID "710132"]

1. b3 e5 2. Bb2 Nc6 3. e4 Bc5 4. Nf3 Nf6 5. d4 exd4 6. Bd3 d5 7. exd5 Qe7+ 8. Be2 Nxd5 9. O-O O-O 10. Nbd2 Nc3
11. Bxc3 dxc3 12. Nb1 Rd8 13. Bd3 Qf6 14. Qe1 Nd4 15. Nxd4 Bxd4 16. Qe4 g6 17. Na3 c6 18. Nc4 Be6 19. Rae1 Kg7 20. Ne5 Bf5
21. Qf3 Bxe5 22. Bxf5 gxf5 23. Qe2 Bc7 24. Qe7 Qxe7 25. Rxe7 Bb6 26. Rxb7 Rd2 27. Rc1 Bxf2+ 28. Kf1 Bc5
0-1

[Event "AGAG IIIIIII"]
[Site "SchemingMind.com"]
[Date "2021.04.02"]
[Round "-"]
[White "eliecercruzr"]
[Black "Geoffrey Rosser"]
[Result "1-0"]
[WhiteCountry "CUB"]
[BlackCountry "ENG"]
[WhiteElo "2203"]
[WhiteRD "105"]
[BlackElo "1926"]
[BlackRD "61"]
[GameID "710133"]

1. b3 e5 2. Bb2 Nc6 3. e3 Nf6 4. Bb5 d5 5. Bxe5 Bd7 6. Bxc6 Bxc6 7. Nf3 Be7 8. O-O O-O 9. Nc3 Ng4 10. d4 Bb4
11. Qd3 Bd6 12. Ne2 Bxe5 13. dxe5 Re8 14. Qd4 Qd7 15. h3 Nh6 16. Rfd1 Nf5 17. Qd3 Rad8 18. a4 b5 19. e6 Qxe6 20. axb5 Ba8
21. Rxa7 d4 22. Nf4 Qe4 23. Qxe4 Rxe4 24. Rxc7 Nd6 25. Rxd4 Rxd4 26. Nxd4 Kf8 27. c4
1-0

[Event "AGAG IIIIIII"]
[Site "SchemingMind.com"]
[Date "2021.04.06"]
[Round "-"]
[White "Geoffrey Rosser"]
[Black "MichaelChess"]
[Result "0-1"]
[WhiteCountry "ENG"]
[BlackCountry "CUB"]
[WhiteElo "1906"]
[WhiteRD "61"]
[BlackElo "2332"]
[BlackRD "101"]
[GameID "710134"]

1. b3 c5 2. Nf3 Nc6 3. e3 e5 4. Bb2 d6 5. d4 cxd4 6. exd4 e4 7. Qe2 d5 8. Nfd2 Nh6 9. f3 Be7 10. Na3 Bxa3
11. Bxa3 Nxd4 12. Qd1 Nhf5 13. Bb5+ Nxb5 14. Qc1 Qh4+ 15. Kf1 Ne3+ 16. Ke2 Nc3+ 17. Kxe3 d4+ 18. Kxd4 Qf6+
0-1

[Event "AGAG IIIIIII"]
[Site "SchemingMind.com"]
[Date "2021.04.04"]
[Round "-"]
[White "MichaelChess"]
[Black "Geoffrey Rosser"]
[Result "1-0"]
[WhiteCountry "CUB"]
[BlackCountry "ENG"]
[WhiteElo "2356"]
[WhiteRD "96"]
[BlackElo "1896"]
[BlackRD "65"]
[GameID "710135"]

1. b3 Nc6 2. d4 d5 3. e3 Bd7 4. Bb2 Nf6 5. Nf3 e6 6. c4 Bb4+ 7. Nbd2 Ne4 8. a3 Bxd2+ 9. Nxd2 Qh4 10. g3 Qe7
11. Nxe4 dxe4 12. Bg2 f5 13. O-O O-O 14. f3 exf3 15. Qxf3 Nd8 16. a4 Bc6 17. d5 exd5 18. Ba3 Qf7 19. Bxf8 Qxf8 20. cxd5 Bd7
21. Qf4 Qd6 22. Qxd6 cxd6 23. Rac1 Kf8 24. Bh3
1-0

[Event "AGAG IIIIIII"]
[Site "SchemingMind.com"]
[Date "2021.04.01"]
[Round "-"]
[White "grabapawn"]
[Black "Phillip Beckett"]
[Result "0-1"]
[WhiteCountry "USA"]
[BlackCountry "ENG"]
[WhiteElo "1521"]
[WhiteRD "60"]
[BlackElo "1495"]
[BlackRD "53"]
[GameID "710136"]

1. b3 b6 2. Bb2 Bb7 3. e3 e6 4. Nc3 f5 5. Nf3 Nf6 6. d4 Be7 7. Be2 O-O 8. h3 Ne4 9. h4 d5 10. g3 Nd7
11. Nxe4 fxe4 12. Ne5 Nxe5 13. dxe5 Bb4+ 14. c3 Be7 15. g4 Bxh4 16. Rh2 Bxf2+ 17. Rxf2 Qh4
0-1

[Event "AGAG IIIIIII"]
[Site "SchemingMind.com"]
[Date "2021.04.01"]
[Round "-"]
[White "Phillip Beckett"]
[Black "grabapawn"]
[Result "0-1"]
[WhiteCountry "ENG"]
[BlackCountry "USA"]
[WhiteElo "1495"]
[WhiteRD "53"]
[BlackElo "1521"]
[BlackRD "60"]
[GameID "710137"]

1. b3 d6 2. Bb2 Nf6 3. e3 Nbd7 4. f4 e5 5. fxe5 dxe5 6. Nf3 Bd6 7. Be2 e4 8. Nd4 Ne5 9. O-O Nfg4 10. h3 Qh4
11. Bxg4 Bxg4 12. hxg4 Nxg4 13. Rf4 Qh2+ 14. Kf1 Qh1+ 15. Ke2 Qxg2+
0-1

[Event "AGAG IIIIIII"]
[Site "SchemingMind.com"]
[Date "2021.04.01"]
[Round "-"]
[White "grabapawn"]
[Black "John Hamer"]
[Result "1/2-1/2"]
[WhiteCountry "USA"]
[BlackCountry "ENG"]
[WhiteElo "1521"]
[WhiteRD "60"]
[BlackElo "1877"]
[BlackRD "65"]
[GameID "710138"]

1. b3 e5 2. Bb2 Nf6 3. Nc3 Nc6 4. e4 d6 5. h3 Be7 6. Be2 O-O 7. Nf3 Nd4 8. Bc4 Re8 9. Ng5 Be6 10. Nxe6 fxe6
11. d3 d5 12. exd5 exd5 13. Nxd5 Nxd5 14. O-O Bf6 15. c3 Ne6 16. d4 exd4 17. cxd4 c6 18. Qh5 Nef4 19. Qf5 Ne2+ 20. Kh1 b5
21. Bxd5+ Qxd5 22. Qxd5+ cxd5 23. Rad1 Rac8 24. Kh2 Re4 25. f3 Re6=
1/2-1/2

[Event "AGAG IIIIIII"]
[Site "SchemingMind.com"]
[Date "2021.04.01"]
[Round "-"]
[White "John Hamer"]
[Black "grabapawn"]
[Result "1-0"]
[WhiteCountry "ENG"]
[BlackCountry "USA"]
[WhiteElo "1877"]
[WhiteRD "65"]
[BlackElo "1521"]
[BlackRD "60"]
[GameID "710139"]

1. b3 d6 2. Bb2 Nd7 3. e3 e5 4. d4 Ngf6 5. c4 Be7 6. Nf3 c6 7. dxe5 Ng4 8. exd6 Bf6 9. Nc3 Nc5 10. Rc1 O-O
11. Be2 Re8 12. O-O Bd7 13. Nd4 Nh6 14. Bf3 Kh8 15. b4 Ne6 16. Re1 Ng5 17. Be2 Qc8 18. c5 Bg4 19. f3 Bh5 20. Qd2 Nf5
21. f4 Ne4 22. Qd3 Bxe2 23. Ncxe2 g5 24. fxg5 Bg7 25. Rf1 Nh4 26. Rxf7 Qg4 27. Ng3 Nxg2 28. Kxg2 Kg8 29. Qc4 Kh8 30. Rxg7 Kxg7
31. Rf1 Nxg3 32. Ne6+ Kg6 33. Rf6+
1-0

[Event "AGAG IIIIIII"]
[Site "SchemingMind.com"]
[Date "2021.04.01"]
[Round "-"]
[White "grabapawn"]
[Black "krzysztof"]
[Result "1-0"]
[WhiteCountry "USA"]
[BlackCountry "POL"]
[WhiteElo "1521"]
[WhiteRD "60"]
[BlackElo "1498"]
[BlackRD "84"]
[GameID "710140"]

1. b3 d5 2. Bb2 Nc6 3. Nf3 e6 4. e3 Bb4 5. Bxg7 f6 6. Bxh8 d4 7. Bc4 dxe3 8. fxe3 Ne5 9. Nxe5 fxe5 10. Qh5+ Kd7
11. Qxe5 Bd6 12. Qxe6+ Kc6 13. Bd5+ Kb6 14. Bd4+ Ka6 15. Bc4+ b5 16. Bxb5+ Kxb5 17. Qc4+ Ka5 18. Nc3 Bb4 19. Qb5#
1-0

[Event "AGAG IIIIIII"]
[Site "SchemingMind.com"]
[Date "2021.04.01"]
[Round "-"]
[White "krzysztof"]
[Black "grabapawn"]
[Result "1-0"]
[WhiteCountry "POL"]
[BlackCountry "USA"]
[WhiteElo "1547"]
[WhiteRD "83"]
[BlackElo "1454"]
[BlackRD "58"]
[GameID "710141"]

1. b3 d6 2. Bb2 Nd7 3. e4 e5 4. Nc3 Ngf6 5. Bb5 c6 6. Bd3 Be7 7. f4 Qc7 8. f5 Nf8 9. Qf3 g6 10. g4 Bd7
11. h4 O-O-O 12. g5 Nh5 13. f6 Be6 14. fxe7 Qxe7 15. a4 h6 16. Nh3 Bxh3 17. Rxh3 Ne6 18. Qf1 Nef4 19. Re3 Ng3 20. Rxg3 hxg5
21. hxg5 Rh2 22. Ne2 Rdh8 23. O-O-O d5 24. Qf3 dxe4 25. Bxe4 Nxe2+ 26. Kb1 Nxg3 27. Qxg3 R8h3 28. Qxe5 Qd8 29. Bd4 Re2 30. Bf5+
1-0

[Event "AGAG IIIIIII"]
[Site "SchemingMind.com"]
[Date "2021.04.01"]
[Round "-"]
[White "grabapawn"]
[Black "JAHI"]
[Result "0-1"]
[WhiteCountry "USA"]
[BlackCountry "INT"]
[WhiteElo "1477"]
[WhiteRD "66"]
[BlackElo "2019"]
[BlackRD "72"]
[GameID "710142"]

1. b3 e6 2. Bb2 d6 3. Nc3 d5 4. e4 b6 5. Nf3 Bb7 6. exd5 exd5 7. d4 Bb4 8. a3 Bxc3+ 9. Bxc3 Nd7 10. Bd3 Ne7
11. Ne5 Kf8 12. Qg4 Nxe5 13. dxe5 Kg8 14. O-O Qf8 15. f4 h6 16. f5 Re8= 17. f6 Nc6 18. e6 Rxe6 19. fxg7 Qc5+ 20. Bd4 Qxd4+
21. Qxd4 Nxd4 22. gxh8=Q+ Kxh8 23. Rxf7 Re8 24. Raf1 Ne6 25. Rh7+ Kg8 26. Rf6 Ba6 27. Bg6 Rf8 28. Rxf8+ Nxf8 29. Rxh6 Kg7 30. Rh4 Nxg6
31. Ra4 Be2 32. Rxa7 Kf6 33. Rxc7 Ke5 34. Rc6 Ne7 35. Rxb6 d4 36. a4 Bd1 37. Rb5+ Kd6 38. a5 Bxc2 39. a6 d3 40. a7 d2
41. Rb6+ Kc7 42. a8=Q d1=Q+ 43. Kf2 Qd4+ 44. Ke2 Qxb6 45. Qa3 Nd5 46. Qc1 Qb5+ 47. Kf3 Qd3+ 48. Kg4 Ne3+ 49. Kf3 Qe4+ 50. Kf2 Qxg2+
51. Kxe3 Qg5+
0-1

[Event "AGAG IIIIIII"]
[Site "SchemingMind.com"]
[Date "2021.04.02"]
[Round "-"]
[White "JAHI"]
[Black "grabapawn"]
[Result "1-0"]
[WhiteCountry "INT"]
[BlackCountry "USA"]
[WhiteElo "2075"]
[WhiteRD "77"]
[BlackElo "1454"]
[BlackRD "58"]
[GameID "710143"]

1. b3 d6 2. Bb2 Nf6 3. a3 Nbd7 4. a4 e5 5. e3 Be7 6. Na3 c6 7. Be2 Qc7 8. Kf1 d5 9. h3 Nf8 10. Qb1 Bf5
11. Qa2 Ng6 12. Re1 Ne4 13. Nf3 Nh4 14. d3 f6 15. Nxh4 Ng3+ 16. fxg3 Be6 17. g4 d4 18. exd4 e4 19. dxe4 O-O 20. Nf5 Bxf5
21. gxf5 Kh8 22. c3 Qf4+ 23. Bf3 Qc7 24. Nc4 Qg3 25. h4 g5 26. hxg5 fxg5 27. Ne5 Kg7 28. Rh3 Qf4 29. Bc1
1-0

[Event "AGAG IIIIIII"]
[Site "SchemingMind.com"]
[Date "2021.04.02"]
[Round "-"]
[White "grabapawn"]
[Black "splinter"]
[Result "0-1"]
[WhiteCountry "USA"]
[BlackCountry "CAN"]
[WhiteElo "1454"]
[WhiteRD "58"]
[BlackElo "1866"]
[BlackRD "78"]
[GameID "710144"]

1. b3 Nf6 2. Nc3 e5 3. Bb2 Nc6 4. e3 d5 5. Nge2 Bf5 6. h3 d4 7. exd4 exd4 8. Nb5 d3 9. cxd3 Bxd3 10. Nec3 Qe7+
11. Be2 O-O-O 12. O-O Bxe2 13. Nxe2 Ne4 14. d4 Qg5 15. a4 a6 16. Na3 Rd5 17. Nc4 Bd6 18. Nxd6+ Rxd6 19. f3 Rg6 20. g4 Nd6
21. Ng3 h5 22. Rf2 hxg4 23. hxg4 Qh4 24. Rg2 Qd8 25. Bc3 Rh3 26. b4 Qh4 27. Kf2 f5 28. Qe2 f4 29. Rag1 fxg3+ 30. Rxg3 Rh2+
31. Rg2 Rxg2+ 32. Kxg2 Rh6 33. Kf2 Qh1 34. Rg2 Rh2 35. Rxh2 Qxh2+ 36. Ke3 Qxe2+ 37. Kxe2 g6 38. Ke3 Kd7 39. Kf4 Ne7 40. Be1 Ke6
41. Bc3 Nd5+
0-1

[Event "AGAG IIIIIII"]
[Site "SchemingMind.com"]
[Date "2021.04.02"]
[Round "-"]
[White "splinter"]
[Black "grabapawn"]
[Result "1-0"]
[WhiteCountry "CAN"]
[BlackCountry "USA"]
[WhiteElo "1866"]
[WhiteRD "78"]
[BlackElo "1454"]
[BlackRD "58"]
[GameID "710145"]

1. b3 d6 2. Bb2 Nf6 3. Nf3 Nbd7 4. d4 c6 5. e3 Qc7 6. Nbd2 e5 7. dxe5 dxe5 8. e4 Bc5 9. h3 h6 10. Bd3 Nh5
11. Nxe5 Nxe5 12. Qxh5 Nxd3+ 13. cxd3 b6 14. O-O Be6 15. d4 Be7 16. f4 g6 17. Qf3 Rg8 18. Rac1 Bd7 19. e5 g5 20. fxg5 Be6
21. Ne4 O-O-O 22. Nf6 Rxg5 23. Rxc6
1-0

[Event "AGAG IIIIIII"]
[Site "SchemingMind.com"]
[Date "2021.04.02"]
[Round "-"]
[White "eliecercruzr"]
[Black "grabapawn"]
[Result "1-0"]
[WhiteCountry "CUB"]
[BlackCountry "USA"]
[WhiteElo "2203"]
[WhiteRD "105"]
[BlackElo "1454"]
[BlackRD "58"]
[GameID "710147"]

1. b3 d6 2. e4 e5 3. Nc3 Nf6 4. Bb2 d5 5. exd5 Bc5 6. Bb5+ c6 7. dxc6 bxc6 8. Bc4 Ng4 9. Ne4 Bb6 10. Qf3 f5
11. h3 Nf6 12. Nxf6+ Qxf6 13. Qh5+ g6 14. Qe2 Bc7 15. Nf3 Nd7 16. O-O-O Rf8 17. Bxe5 Nxe5 18. d4 Be6 19. dxe5 Qe7 20. Bxe6 Qxe6
21. Qa6 Bb6 22. Rd6 Qc8 23. Qc4 c5 24. Ng5 h6 25. Nh7 Rf7 26. Rhd1 Rxh7 27. Qg8+
1-0

[Event "AGAG IIIIIII"]
[Site "SchemingMind.com"]
[Date "2021.04.06"]
[Round "-"]
[White "grabapawn"]
[Black "MichaelChess"]
[Result "0-1"]
[WhiteCountry "USA"]
[BlackCountry "CUB"]
[WhiteElo "1477"]
[WhiteRD "62"]
[BlackElo "2332"]
[BlackRD "101"]
[GameID "710148"]

1. b3 c5 2. Bb2 Nf6 3. Nc3 d5 4. f4 d4 5. Nb1 Bg4 6. Nf3 Bxf3 7. gxf3 g6 8. d3 Bh6 9. Qd2 Nd5 10. e4 dxe3
11. Qe2 Nxf4 12. Qd1 O-O 13. c4 Nc6 14. Be2 Nd4 15. Bxd4 Qxd4 16. Na3 Nxd3+ 17. Bxd3 Qh4+
0-1

[Event "AGAG IIIIIII"]
[Site "SchemingMind.com"]
[Date "2021.04.06"]
[Round "-"]
[White "MichaelChess"]
[Black "grabapawn"]
[Result "1-0"]
[WhiteCountry "CUB"]
[BlackCountry "USA"]
[WhiteElo "2356"]
[WhiteRD "96"]
[BlackElo "1477"]
[BlackRD "66"]
[GameID "710149"]

1. b3 d6 2. d4 Nf6 3. e3 b6 4. Nf3 Bb7 5. g3 Nbd7 6. Bg2 c6 7. O-O Qc7 8. Bb2 d5 9. c4 e6 10. Ne1 Bd6
11. Nc3 O-O-O 12. Rc1 h5 13. Nb5 Qb8 14. Nd3 a6 15. Nxd6+ Qxd6 16. b4 Ng4 17. b5 Kb8 18. bxc6 Bxc6 19. Qb3 h4 20. Ba3 Qc7
21. cxd5
1-0

[Event "AGAG IIIIIII"]
[Site "SchemingMind.com"]
[Date "2021.04.01"]
[Round "-"]
[White "Phillip Beckett"]
[Black "John Hamer"]
[Result "1/2-1/2"]
[WhiteCountry "ENG"]
[BlackCountry "ENG"]
[WhiteElo "1495"]
[WhiteRD "53"]
[BlackElo "1877"]
[BlackRD "65"]
[GameID "710150"]

1. b3 d5 2. Bb2 Nf6 3. e3 Nc6 4. f4 Bf5 5. Nf3 e6 6. d3 Bd6 7. Be2 O-O 8. O-O Rc8 9. Ne5 Ne7 10. Nd2 Bc5
11. d4 Bb6 12. c4 c6 13. c5 Bc7 14. h3 Re8 15. Bf3 g6 16. Qe2 Ba5 17. a3 Bxd2 18. Qxd2 Be4 19. Qf2 Nf5 20. g4 Ng7
21. g5 Nd7 22. Bxe4 dxe4 23. Qg2 f6 24. gxf6 Nxf6 25. Ng4 Rf8 26. Nxf6+ Rxf6 27. d5 Rf5 28. Bxg7 Kxg7 29. Kh1 exd5 30. Rg1 Qf6
31. Raf1 Rd8 32. Qg4 d4=
1/2-1/2

[Event "AGAG IIIIIII"]
[Site "SchemingMind.com"]
[Date "2021.04.01"]
[Round "-"]
[White "John Hamer"]
[Black "Phillip Beckett"]
[Result "1-0"]
[WhiteCountry "ENG"]
[BlackCountry "ENG"]
[WhiteElo "1877"]
[WhiteRD "65"]
[BlackElo "1495"]
[BlackRD "53"]
[GameID "710151"]

1. b3 b6 2. Bb2 Bb7 3. e3 e6 4. Nf3 f5 5. Be2 Nf6 6. c4 Be7 7. Nc3 O-O 8. O-O Ne4 9. Rc1 d6 10. Nb5 a6
11. Nbd4 Qd7 12. d3 Nf6 13. Nc2 c5 14. d4 Nc6 15. Ng5 h6 16. Nf3 cxd4 17. exd4 Ne4 18. Nfe1 Bg5 19. Ra1 d5 20. Nd3 dxc4
21. bxc4 Na5 22. Ne5 Qd8 23. f3 Nf6 24. Ng6 Rf7 25. f4 Bxf4 26. Rxf4 Ne4 27. Ne5 Rf6 28. g3 g5 29. Rf1 Nc6 30. d5 Nxe5
31. Bxe5 Rg6 32. Bh5 exd5 33. Bxg6
1-0

[Event "AGAG IIIIIII"]
[Site "SchemingMind.com"]
[Date "2021.04.01"]
[Round "-"]
[White "Phillip Beckett"]
[Black "krzysztof"]
[Result "0-1"]
[WhiteCountry "ENG"]
[BlackCountry "POL"]
[WhiteElo "1513"]
[WhiteRD "54"]
[BlackElo "1547"]
[BlackRD "83"]
[GameID "710152"]

1. b3 Nf6 2. Bb2 d5 3. f4 c5 4. e3 Bg4 5. Be2 h5 6. Nf3 Nc6 7. d3 b5 8. c4 b4 9. O-O e6 10. Nbd2 Be7
11. Ne5 Bxe2 12. Qxe2 Qc7 13. Ndf3 Bd6 14. Nxc6 Qxc6 15. Ne5 Qb7 16. cxd5 Qxd5 17. e4 Qb7 18. Nxf7 Qxf7 19. e5 Be7 20. exf6 gxf6
21. Qe4 Rd8 22. Qc6+ Kf8 23. Qf3 Rg8 24. f5 e5 25. Qe3 Rg5 26. a3 Qxb3 27. Qe2 Rxd3 28. axb4 cxb4 29. Rxa7 Bc5+ 30. Kh1 Bxa7
0-1

[Event "AGAG IIIIIII"]
[Site "SchemingMind.com"]
[Date "2021.04.01"]
[Round "-"]
[White "krzysztof"]
[Black "Phillip Beckett"]
[Result "1-0"]
[WhiteCountry "POL"]
[BlackCountry "ENG"]
[WhiteElo "1559"]
[WhiteRD "86"]
[BlackElo "1486"]
[BlackRD "56"]
[GameID "710153"]

1. b3 b6 2. Bb2 Bb7 3. d4 e6 4. Nc3 f5 5. Nf3 Nf6 6. e3 Be7 7. h3 O-O 8. Bd3 Ne4 9. h4 d5 10. Ne2 Nd7
11. Ng3 Nxg3 12. fxg3 c5 13. dxc5 Nxc5 14. Bb5 a6 15. Be2 Ne4 16. Rh3 Bd6 17. Be5 Qc7 18. Bxd6 Qxd6 19. c4 Nxg3 20. Qd4 Ne4
21. Ng5 h6 22. Nxe4 fxe4 23. g4 e5 24. Qd2 d4 25. g5 d3 26. Bg4 a5 27. gxh6 Rae8 28. hxg7 Kxg7 29. Bh5 Re6 30. Qg2+ Kh8
31. a3 Rg8 32. Rg3 d2+ 33. Kd1 Qf8 34. Be2 Rxg3 35. Qxg3 Qg7 36. Qxg7+ Kxg7 37. Kxd2 Rh6 38. Rg1+ Kf6 39. h5 Bc6 40. b4 axb4
41. axb4 Be8 42. c5 bxc5 43. bxc5 Ke6 44. Bc4+ Kd7 45. Bb5+ Kd8 46. Bxe8 Kxe8 47. Rg5 Kd7 48. Rxe5 Kc6 49. Kc3 Kc7 50. Kd4 Kc6
51. Kxe4
1-0

[Event "AGAG IIIIIII"]
[Site "SchemingMind.com"]
[Date "2021.04.01"]
[Round "-"]
[White "Phillip Beckett"]
[Black "JAHI"]
[Result "0-1"]
[WhiteCountry "ENG"]
[BlackCountry "INT"]
[WhiteElo "1486"]
[WhiteRD "56"]
[BlackElo "2052"]
[BlackRD "72"]
[GameID "710154"]

1. b3 e6 2. Bb2 d6 3. e3 d5 4. f4 b6 5. Nf3 Bb7 6. Be2 Nd7 7. O-O h6 8. d3 Bc5 9. d4 Bd6 10. Ne5 Ne7
11. Nd2 Kf8 12. Bh5 g6 13. Bf3 Kg8 14. c3 c6 15. g3 f6 16. Nxd7 Qxd7 17. e4 Re8 18. e5 fxe5 19. fxe5 Bc7 20. Bg4 Nf5
21. Bxf5 gxf5 22. Nf3 Qg7 23. Nh4 Bd8 24. Qh5 Qf7 25. Qxf7+ Kxf7 26. Rae1 Bxh4 27. gxh4 Reg8+ 28. Kh1 Rg4 29. Rg1 Rxh4 30. Rg2 Rg8
31. Reg1 Rxg2 32. Rxg2 Ba6 33. Rg3 f4 34. Rf3 Be2 35. Rf2 f3 36. Ba3 Kg6 37. Bd6 Kf5 38. Be7 Rh3 39. Kg1 Ke4 40. a4 Kd3
41. Bb4 Rh4 42. a5 Rg4+ 43. Kh1 Ke3
0-1

[Event "AGAG IIIIIII"]
[Site "SchemingMind.com"]
[Date "2021.04.01"]
[Round "-"]
[White "JAHI"]
[Black "Phillip Beckett"]
[Result "1-0"]
[WhiteCountry "INT"]
[BlackCountry "ENG"]
[WhiteElo "2088"]
[WhiteRD "75"]
[BlackElo "1495"]
[BlackRD "53"]
[GameID "710155"]

1. b3 b6 2. Bb2 Bb7 3. a3 e6 4. a4 f5 5. e3 Nf6 6. Na3 Be7 7. f3 O-O 8. f4 Na6 9. Nf3 Ne4 10. Be2 c5
11. d3 Bh4+ 12. g3 d5 13. gxh4 Nf6 14. Qd2 Nc7 15. h3 d4 16. Rg1 dxe3 17. Qxe3 Qd6 18. Nb5 Nxb5 19. axb5 Nd5 20. Rxg7+ Kh8
21. Qg1 h5 22. Rg8+ Kh7 23. Qg6#
1-0

[Event "AGAG IIIIIII"]
[Site "SchemingMind.com"]
[Date "2021.04.02"]
[Round "-"]
[White "Phillip Beckett"]
[Black "splinter"]
[Result "0-1"]
[WhiteCountry "ENG"]
[BlackCountry "CAN"]
[WhiteElo "1462"]
[WhiteRD "56"]
[BlackElo "1830"]
[BlackRD "71"]
[GameID "710156"]

1. b3 c5 2. Bb2 Nc6 3. e3 Nf6 4. f4 d5 5. Nf3 e6 6. Be2 Bd6 7. O-O Bd7 8. Ne5 Qc7 9. d4 Ne4 10. c3 f6
11. Nxd7 Qxd7 12. Nd2 f5 13. Nf3 O-O-O 14. Ne5 Nxe5 15. fxe5 Be7 16. Bd3 h5 17. a4 g5 18. Bxe4 fxe4 19. Ba3 cxd4 20. cxd4 Bxa3
21. Rxa3 Qe7 22. Ra1 g4 23. Qe2 Rhf8 24. Rfc1+ Kb8 25. Qc2 Rf7 26. Qc5 Qg5 27. Qc3 g3 28. Rf1 gxh2+ 29. Kh1 Rg8 30. Qc2 Rc7
31. Qf2 Rcg7 32. Rac1 Qxg2+ 33. Qxg2 Rxg2 34. Rce1 Rb2 35. Rb1 Rxb1 36. Rxb1 Rg3 37. Re1 Kc7 38. Kxh2 h4 39. Re2 b5 40. axb5 Kb6
41. Rg2 Rxe3 42. Rg4 Rxb3 43. Rxh4 e3 44. Kg2 Kxb5 45. Kf1 Kc4 46. Ke2 a5
0-1

[Event "AGAG IIIIIII"]
[Site "SchemingMind.com"]
[Date "2021.04.02"]
[Round "-"]
[White "splinter"]
[Black "Phillip Beckett"]
[Result "1-0"]
[WhiteCountry "CAN"]
[BlackCountry "ENG"]
[WhiteElo "1841"]
[WhiteRD "83"]
[BlackElo "1495"]
[BlackRD "53"]
[GameID "710157"]

1. b3 b6 2. Bb2 Bb7 3. Nf3 e6 4. Nc3 f5 5. e3 Nf6 6. Be2 Be7 7. O-O O-O 8. a4 d6 9. a5 Nbd7 10. a6 Bc6
11. Nd4 Ne4 12. Nxc6 Qe8 13. Nxe7+ Qxe7 14. Nxe4 fxe4 15. d3 exd3 16. Bxd3 Nc5 17. Qh5 Nxd3 18. cxd3 Qf7 19. Qxf7+ Rxf7 20. d4 Raf8
21. Rac1 d5 22. Rc6 Re8 23. Rfc1 Ref8 24. Ba3 Re8 25. Rxc7 Rxc7 26. Rxc7
1-0

[Event "AGAG IIIIIII"]
[Site "SchemingMind.com"]
[Date "2021.04.01"]
[Round "-"]
[White "Phillip Beckett"]
[Black "eliecercruzr"]
[Result "0-1"]
[WhiteCountry "ENG"]
[BlackCountry "CUB"]
[WhiteElo "1495"]
[WhiteRD "53"]
[BlackElo "2141"]
[BlackRD "125"]
[GameID "710158"]

1. b3 e5 2. Bb2 Nc6 3. e3 Nf6 4. Be2 d5 5. Nf3 Bd6 6. O-O O-O 7. d4 exd4 8. Nxd4 Nxd4 9. Bxd4 c5 10. Bxf6 Qxf6
11. Nd2 Qh6 12. Nf3 Rd8 13. g3 Bh3 14. Re1 Bc7 15. Ne5 Bxe5 16. Bf1 Bxf1 17. Rxf1 Bxa1
0-1

[Event "AGAG IIIIIII"]
[Site "SchemingMind.com"]
[Date "2021.04.02"]
[Round "-"]
[White "eliecercruzr"]
[Black "Phillip Beckett"]
[Result "1-0"]
[WhiteCountry "CUB"]
[BlackCountry "ENG"]
[WhiteElo "2203"]
[WhiteRD "105"]
[BlackElo "1513"]
[BlackRD "54"]
[GameID "710159"]

1. b3 b6 2. g3 Bb7 3. Nf3 Nf6 4. Bg2 g6 5. O-O Bg7 6. c4 O-O 7. d4 d5 8. cxd5 Bxd5 9. Nc3 Bb7 10. Bb2 Nc6
11. Ne5 Na5 12. e4 Nd7 13. Nf3 c5 14. d5 Ba6 15. Re1 Ne5 16. Nxe5 Bxe5 17. Qd2 Qc7 18. Rac1 Bd4 19. e5 Bb7 20. Nb5 Qd8
21. Nxd4 Bxd5 22. Nf5 Bxg2 23. Qg5 e6 24. Ne7+ Kg7 25. Qf6+ Kh6 26. Rcd1 Qc7 27. Bc1+ Kh5 28. Qh4#
1-0

[Event "AGAG IIIIIII"]
[Site "SchemingMind.com"]
[Date "2021.04.06"]
[Round "-"]
[White "Phillip Beckett"]
[Black "MichaelChess"]
[Result "0-1"]
[WhiteCountry "ENG"]
[BlackCountry "CUB"]
[WhiteElo "1486"]
[WhiteRD "56"]
[BlackElo "2332"]
[BlackRD "101"]
[GameID "710160"]

1. b3 e5 2. Bb2 Nc6 3. e3 d5 4. Nf3 e4 5. Nd4 Nxd4 6. Bxd4 Bf5 7. Bb2 Nf6 8. Nc3 c6 9. Be2 Bd6 10. O-O Bc7
11. f4 exf3 12. Bxf3 Qd6 13. g3 h5 14. Qe2 h4 15. e4 Bb6+ 16. Kh1 hxg3 17. exf5+ Kd7 18. h4 Rxh4+ 19. Kg2 Rh2#
0-1

[Event "AGAG IIIIIII"]
[Site "SchemingMind.com"]
[Date "2021.04.06"]
[Round "-"]
[White "MichaelChess"]
[Black "Phillip Beckett"]
[Result "1-0"]
[WhiteCountry "CUB"]
[BlackCountry "ENG"]
[WhiteElo "2356"]
[WhiteRD "96"]
[BlackElo "1459"]
[BlackRD "58"]
[GameID "710161"]

1. b3 b6 2. Nf3 Bb7 3. Bb2 e6 4. d4 Nf6 5. c4 Be7 6. e3 O-O 7. Nc3 d5 8. cxd5 Nxd5 9. Be2 Bb4 10. Rc1 Na6
11. O-O Nxc3 12. Bxc3 Bxc3 13. Rxc3 c5 14. Qa1 cxd4 15. Nxd4 Rc8 16. Rfc1 Rxc3 17. Qxc3 Qc8 18. Qxc8 Rxc8 19. Rxc8+ Bxc8 20. Nc6 Bd7
21. Nxa7 Nb4 22. a3 Nc2 23. Bb5 Bxb5 24. Nxb5 Kf8 25. Kf1 Ke7 26. Ke2 Na1 27. b4 Nc2 28. Kd2 Na1 29. Kc3 Kd7 30. a4 Kc6
31. Na3
1-0